| 000 | 00767nas a2200253 4500 | ||
|---|---|---|---|
| 001 | BR0800536 | ||
| 003 | BR-BrBNA | ||
| 005 | 20231205111508.0 | ||
| 007 | ta | ||
| 008 | 230509b bl.|||p| |||| 00| 00por d | ||
| 040 |
_aBR-BrBNA _bpor _cBiblioteca Nacional de Agricultura |
||
| 041 | _a(Pt) | ||
| 072 | _aP01; K10 | ||
| 100 | 1 | _aRibeiro, R. de C.S. | |
| 100 | 1 | _aHarder, I.C.F. | |
| 100 | 1 | _aTavares, A.R. | |
| 245 | 1 | _aAvaliação qualitativa da arborização das praças de Vinhedo, SP | |
| 650 | _aINVENTÁRIO | ||
| 650 | _aVINHEDO | ||
| 650 | _aSÃO PAULO | ||
| 773 | 0 |
_tRevista Brasileira de Horticultura Ornamental (Brazil) _xISSN 1809-6093 _g(2006), v. 12(2) p. 75-86 _wBR0800536 |
|
| 909 |
_a202311 _bLúcia _c55 _dLúcia Elande |
||
| 942 |
_2AGRIS _n0 _cANA |
||
| 999 |
_c193046 _d193046 |
||